| 000 | 00407nam a22001457a 4500 | ||
|---|---|---|---|
| 003 | SGT | ||
| 082 |
_a616.024 _bD21K |
||
| 100 | _aKAPOOR, DISHANK | ||
| 245 | _aDIAGNOSTIC ROLE OF FIBEROPTIC BRONCHOSCOPY IN SPUTUM CBNAAT NEGATIVE CASES OF SUSPECTED PULMONARY TUBERCULOSIS | ||
| 260 |
_aGURUGRAM _bSGT UNIVERSITY _c2021 |
||
| 300 | _a85 | ||
| 650 | _aRESPIRATORY MEDICINE | ||
| 653 | _aM.D | ||
| 942 |
_2ddc _cTH |
||
| 999 |
_c26542 _d26542 |
||